| 000 | 01535nam a22003974a 4500 | ||
|---|---|---|---|
| 001 | vtls003164890 | ||
| 003 | MY-SjTCS | ||
| 005 | 20200226113222.0 | ||
| 006 | m u | ||
| 007 | cr cn||||||||| | ||
| 008 | 100712s2006 dcua sb 001 0 eng | ||
| 010 | _z 2006-041750 | ||
| 020 | _z0821361465 (pbk.) | ||
| 035 | _a(CaPaEBR)ebr10126097 | ||
| 039 | 9 |
_y201007121351 _zVLOAD |
|
| 040 |
_aCaPaEBR _cCaPaEBR |
||
| 043 | _aa-ii--- | ||
| 050 | 1 | 4 |
_aHG187.I4 _bB37 2006eb |
| 082 | 0 | 4 |
_a332.1086/9420954 _222 |
| 100 | 1 |
_aBasu, Priya, _d1966- |
|
| 245 | 1 | 0 |
_aImproving acess to finance for India's rural poor _h[electronic resource] / _cPriya Basu. |
| 260 |
_aWashington, DC : _bWorld Bank, _cc2006. |
||
| 300 |
_axxvii, 119 p. : _bill. ; _c23 cm. |
||
| 490 | 1 | _aDirections in development | |
| 504 | _aIncludes bibliographical references (p. 111-114) and index. | ||
| 529 | _aTSLHHL | ||
| 533 |
_aElectronic reproduction. _bPalo Alto, Calif. : _cebrary, _d2009. _nAvailable via World Wide Web. _nAccess may be limited to ebrary affiliated libraries. |
||
| 650 | 0 |
_aFinance _zIndia. |
|
| 650 | 0 |
_aMicrofinance _zIndia. |
|
| 650 | 0 |
_aRural poor _zIndia. |
|
| 650 | 0 |
_aFinancial institutions _zIndia. |
|
| 655 | 7 |
_aElectronic books. _2local |
|
| 710 | 2 |
_aebrary, Inc. _925628 |
|
| 830 | 0 | _aDirections in development (Washington, D.C.) | |
| 856 | 4 | 0 |
_uhttps://ezproxy.taylors.edu.my/login?url=http://site.ebrary.com/lib/taylorscollege/Doc?id=10126097 _zAn electronic book accessible through the World Wide Web; click to view |
| 999 | _c105407 | ||